000 00600cam a2200205 a 4500
001 14766960
005 20240124063351.0
008 070313s2006 ce b 000 0 eng
020 _a9555801087.
040 _aDLC
_cDLC
082 _222
_a305.0.
245 0 0 _aFrom south to south :
_breflections on violence and peace /
_cedited by Rossana Favero-Karunaratna.
250 _a1st.
260 _aColombo :
_bInternational Centre for Ethnic Studies,
_c2006.
300 _avi, 90 p. ;
650 0 _aHuman rights
650 0 _aWomen and war.
700 1 _aFavero-Karunaratna, Rossana.
_eedt
942 _cL
999 _c198
_d198